| 000 | 00782nam a2200229 a 4500 | ||
|---|---|---|---|
| 001 | BRCA_2301 | ||
| 005 | 20190320203741.0 | ||
| 008 | 120608s1958----mx-a######---#000-0#eng-# | ||
| 041 | _aeng | ||
| 044 | _amx | ||
| 050 | 4 |
_aPQ6329 _b.D66 1958 |
|
| 245 | 1 | 0 |
_aDon Quixote and Sancho _can abridged version of the 1605 edition by Federico Sanchez Fogarty ; illustrations by Xavier Gomez Rubio. |
| 250 | _a3 | ||
| 260 |
_aMéxico _bPublicidad Continental _c1958 |
||
| 300 |
_a251 p. _bil. a color _c25 cm. |
||
| 500 | _aLibro donado por la Sra. Magda C. de Sánchez Fogarty, 10-agosto-1993 | ||
| 650 | 1 | 4 |
_aDon Quijote (Personaje ficticio) _xNovela _96889 |
| 700 | 1 |
_aSánchez Fogarty, Federico _96890 |
|
| 700 | 1 |
_aGómez Rubio, Xavier _eil. _96891 |
|
| 902 | _aQAG | ||
| 942 |
_2lcc _cB |
||
| 999 |
_c2046 _d2046 |
||